000 00620nam a22001817a 4500
005 20251108165013.0
008 250721s1999 xx 000 0 ara d
082 1 4 _a530.11/هشا
100 1 _aغصيب، هشام
245 1 0 _aهل نشأ الكون من العدم :
_bالمضمون الفكري لنظرية النسبية العامة ... /
264 1 _aبيروت :
_bالمؤسسة العربية للدراسات و النشر،
_c1999.
300 _a188ص
650 1 7 _aالفيزياء الرياضية
650 1 7 _aالنسبية
650 1 7 _aالفيزياء
942 _2ddc
_cBK
999 _c19647
_d19647